|
|
|
|
| LEADER |
01018cam a2200277 7i4500 |
| 001 |
0000042555 |
| 005 |
20170218090000.0 |
| 020 |
|
|
|a 0745645194 (pbk.)
|
| 020 |
|
|
|a 9780745645193 (pbk.)
|
| 020 |
|
|
|a 9780745645186 (hbk.)
|
| 020 |
|
|
|a 0745645186 (hbk.)
|
| 090 |
0 |
0 |
|a PN4749
|b .N49 2011
|
| 100 |
1 |
|
|a McCombs, Max
|
| 245 |
1 |
4 |
|a The news and public opinion :
|b media effects on civic life
|c Max McCombs, R. Lance Holbert, Spiro Kiousis, Wayne Wanta.
|
| 260 |
|
|
|a Cambridge, UK:
|b Polity,
|c 2011.
|
| 300 |
|
|
|a v, 210 p.;
|c 21 cm.
|
| 650 |
0 |
0 |
|a Journalism --
|x Political aspects
|
| 650 |
0 |
0 |
|a Public opinion
|
| 700 |
1 |
|
|a Holbert, R. Lance
|
| 700 |
1 |
|
|a Kiousis, Spiro
|
| 700 |
1 |
|
|a Wanta, Wayne
|
| 997 |
|
|
|a Communication, Visual Art & Computing, Faculty
|b Communication, Department
|
| 998 |
|
|
|a Communication (Journalism), Degree
|
| 998 |
|
|
|a Media & Communication, Diploma
|
| 999 |
|
|
|a 0000052063
|b BOK
|c OPEN SHELF
|e 1st Floor, Bestari Jaya
|
| 999 |
|
|
|a 0000053775
|b BOK
|c OPEN SHELF
|e 1st Floor, Bestari Jaya
|